ONEPIECE悪魔の実(パラミシア) - Statistics

General Stats
  • This quiz has been taken 22 times
  • The average score is 57 of 84
Answer Stats
能力者 Answer % Correct
あアルビダ sスベスベの実
100%
bバギー バラバラの実
100%
ニコ・ロビン ハナハナの実
94%
ミスター1 sスパスパの実
89%
バーソロミュー・くま ニキュニキュの実
89%
マゼラン ドクドクの実
89%
エドワード・ニューゲート グラグラの実
89%
wワポル バクバクの実
89%
ボア・ハンコック メロメロの実
89%
tトラファルガー・ロー オペオペの実
89%
bバルトロメオ バリバリの実
89%
dドンキホーテ・ドフラミンゴ イトイトの実
89%
ビックマム ソルソルの実
89%
べビー5 ブキブキの実
83%
セニョール・ピンク sスイスイの実
83%
ミスター3 ドルドルの実
83%
ブルーノ ドアドアの実
83%
モリア カゲカゲの実
83%
pペローナ ホロホロの実
83%
えエンポリオ・イワンコフ ホルホルの実
83%
ベラミー バネバネの実
83%
カリファ アワアワの実
83%
レオ ヌイヌイの実
78%
ミス・バレンタイン kキロキロの実
78%
bペロスペロー pペロペロの実
78%
kクラッカー ビスビスの実
78%
光月トキ トキトキの実
78%
ユースタス・キッド ジキジキの実
78%
ミスター2 マネマネの実
78%
hヒナ オリオリの実
78%
フォクシー ノロノロの実
78%
ブルlック ヨミヨミの​​実
78%
イナズマ チョキチョキの実
78%
pピーカ イシイシの実
78%
コラソン ナギナギの実
78%
ブリュレ ミラミラの実
78%
kカタクリ モチモチの実
78%
tつる ウォシュウォシュの実
78%
mミス・ダブルフィンガー tトゲトゲの実
72%
バンダー・デッケン9世 マトマトの実
72%
mマッハバイス tトントンの実
72%
kカポネ・ベッジ sシロシロの実
72%
お玉 キビキビの実
72%
dディアマンテ ヒラヒラの実
72%
bベガパンク ノミノミの実
72%
バジル・ホーキンス ワラワラの実
72%
スクラッチメン・アプー オトオトの実
72%
vヴァイオレット gギロギロの実
67%
マンシェリー tチユチユの実
67%
錦えもん フクフクの実
67%
藤虎 ズシズシの実
67%
おオーブン ネツネツの実
67%
ミスター5 ボムボムの実
67%
ジョーラ あアトアトの実
61%
ドクQ シクシクの実
61%
vヴァン・オーガー ワプワプの実
61%
ジーザス・バージェス リキりきの実
61%
プリン メモメモの実
61%
ジョズ キラキラの実
61%
sシュウ sサビサビの実
56%
sスムージー シボシボの実
56%
bバッファロー グルグルの実
56%
kケリー・ファンク ジャケジャケの実
56%
sシュガー ホビホビの実
56%
sシュトロイゼン ククククの実
56%
雷ぞう マキマキの実
56%
あアバロ・ピサロ シマシマの実
56%
モンドール ブクブクの実
50%
ベロ・ベティ コブコブの実
50%
sサンファン・ウルフ デカデカの実
50%
ベリーグッド、 ベリベリの実
50%
グラディウス パムパムの実
50%
しのぶ ジュクジュクの実
50%
オペラ クリクリの実
44%
カン十郎 フデフデの実
44%
モーリー オシオシの実
44%
dダイフク ホヤホヤの実
39%
sシャリンガル シャリシャリの実
39%
ガレット バタバタの実
33%
bバスコ・ショット ガブガブの実
28%
pプリンス・グルス グニョグニョの実
22%
bブラメンコ ポケポケの実
22%
孔雀 ムチムチの実
22%
ニューシ ゴチャゴチャの実
22%
No matching quizzes found
Score Distribution
Percent of People with Each Score
Percentile by Number Answered
Your Score History
You have not taken this quiz